आद्यांत कथा / (Record no. 211755)

MARC details
000 -LEADER
fixed length control field 00746nam a22001937a 4500
005 - DATE AND TIME OF LATEST TRANSACTION
control field 20250612122245.0
010 ## - LCCN (DPL NO)
LC control number HIN-129827
020 ## - INTERNATIONAL STANDARD BOOK NUMBER
Terms of availability 485.00
035 ## - SYSTEM CONTROL NUMBER
System control number HN-102173
037 ## - SOURCE OF ACQUISITION
Source of stock number/acquisition DBAD
082 ## - DEWEY DECIMAL CLASSIFICATION NUMBER
Classification number
100 ## - MAIN ENTRY--PERSONAL NAME
Personal name रजदास
245 ## - TITLE STATEMENT
Title आद्यांत कथा /
Statement of responsibility, etc रजदास
250 ## - EDITION STATEMENT
Edition statement प्रथम
260 ## - PUBLICATION, DISTRIBUTION, ETC. (IMPRINT)
Place of publication, distribution, etc मध्य प्रदेश ,
Name of publisher, distributor, etc सर्वधर्म समन्वय प्रकाशन ,
Date of publication, distribution, etc 2020
270 ## - ADDRESS
Address कांग्रेस भवन , स्टेट बैंक के पास सीधी ,
City मध्य प्रदेश
Postal code 486661
300 ## - PHYSICAL DESCRIPTION
Extent 264पृ.
Dimensions 23.5सेमी ( अजिल्द )
942 ## - ADDED ENTRY ELEMENTS (KOHA)
Source of classification or shelving scheme Dewey Decimal Classification
Item type Hindi Books
Classification part
Call number prefix रजदा
Holdings
Withdrawn status Lost status Not for loan Collection code Home library Current library Date acquired Source of acquisition Cost, normal purchase price Full call number Barcode Copy number Cost, replacement price Koha item type
      Fiction Sarojini Nagar Sarojini Nagar 12/06/2025 DBAD 485.00 HN-102173 1 485.00 Hindi Books

© Delhi Public Library
Hit Counter
free hit counter